|
|
|
|
| LEADER |
00000cam a2200000 7i4500 |
| 001 |
0000060607 |
| 005 |
20160530093000.0 |
| 008 |
090305s2009 enk eng |
| 020 |
|
|
|a 0199217785 (hbk.)
|
| 020 |
|
|
|a 9780199217786 (hbk.)
|
| 050 |
0 |
0 |
|a d13 KD2089
|b .C66 2009
|
| 090 |
0 |
0 |
|a d13 KD2089
|b .C66 2009
|
| 245 |
0 |
0 |
|a Company directors :
|b duties, liabilities, and remedies
|c edited by Simon Mortimore
|
| 260 |
|
|
|a Oxford ;
|a New York :
|b Oxford University Press ,
|c c2009
|
| 300 |
|
|
|a clxxvi, 1262 p. ;
|c 26 cm.
|
| 500 |
|
|
|a "Table of cases": p.[xxxiii-cv]
|
| 500 |
|
|
|a "Table of legislation": p.[cvii-clxix]
|
| 504 |
|
|
|a Includes bibliographical references and index
|
| 505 |
0 |
|
|a 1. Introduction -- 2. The office of director -- 3. The general duties of directors -- 4. Director's particular functions and duties -- 5. Other liabilities of directors -- 6. Directors of foreign companies
|
| 650 |
|
0 |
|a Directors of corporations
|x Legal status, laws, etc
|z Great Britain
|
| 700 |
1 |
|
|a Mortimore, Simon ,
|e author
|
| 999 |
|
|
|a 1000123550
|b Book
|c OPEN SHELF (30 DAYS)
|e Gong Badak Campus
|